Carbon trading and clean development mechanism in India- An introduction (Record no. 55191)

MARC details
000 -LEADER
fixed length control field 00424nam a2200157Ia 4500
100 ## - MAIN ENTRY--AUTHOR NAME
Personal name Kansal S K
245 #0 - TITLE STATEMENT
Title Carbon trading and clean development mechanism in India- An introduction
260 ## - PUBLICATION, DISTRIBUTION, ETC. (IMPRINT)
Name of publisher Pollution Research
Year of publication 2012
300 ## - PHYSICAL DESCRIPTION
Number of Pages 383-386
500 ## - GENERAL NOTE
General note Source Year: 2012
650 ## - SUBJECT ADDED ENTRY--TOPICAL TERM
Topical Term Carbon trading
650 ## - SUBJECT ADDED ENTRY--TOPICAL TERM
Topical Term CDM
650 ## - SUBJECT ADDED ENTRY--TOPICAL TERM
Topical Term Global warming
942 ## - ADDED ENTRY ELEMENTS (KOHA)
Koha item type Journals
Holdings
Withdrawn status Lost status Damaged status Not for loan Home library Current library Shelving location Date acquired Serial Enumeration / chronology Koha item type
      Journals RRII Library RRII Library Climate change 28/01/2013 Volume 31, Issue 3 Journals